Capitales de l'union européenne en image - Statistiques

Statistiques générales
  • Ce quiz a été pris 97 fois
  • Le résultat moyen est 11 sur 27
Statistiques - réponses
Par images Réponse % Correct
Rome
99%
Paris
87%
Amsterdam
68%
Copenhague
59%
Bruxelles
56%
Budapest
48%
Athenes
47%
Berlin
45%
Bucarest
45%
Madrid
45%
Prague
40%
Lisbonne
38%
Varsovie
38%
Vienne
38%
Bratislava
33%
Dublin
33%
Zagreb
33%
Helsinki
32%
Sofia
32%
La Valette
31%
Stockholm
30%
Ljubljana
29%
Luxembourg
29%
Riga
27%
Nicosie
22%
Tallinn
22%
Vilnius
22%
Aucun quiz correspondant
Distribution des résultats
% des personnes avec chaque résultat
Percentile par nombre de réponses
Votre historique - résultats
Vous n’avez pas pris ce quiz